| 000 | 00603nam a2200205Ia 4500 | ||
|---|---|---|---|
| 999 |
_c36720 _d36720 |
||
| 001 | 2651 | ||
| 003 | GE_BSU | ||
| 005 | 20230829153653.0 | ||
| 008 | 181216s1986||||ru |||||||||||||| ||rus|| | ||
| 040 | _cGE_BSU | ||
| 041 | _arus | ||
| 080 | _a616-006.6 Б-86 | ||
| 100 |
_aБохман, Я.В. _919720 |
||
| 245 |
_aЗлокачественные опухоли вульвы / _cЯ.В. Бохман. |
||
| 264 |
_aТашкент : _bМедицина, _c1986. |
||
| 300 |
_a158 стр. _b19 см. |
||
| 653 | _aმედიცინა | ||
| 653 | _aგინეკოლოგია | ||
| 942 |
_cBK _2udc |
||